LEADER 01322nam2 2200325 i 450 001 VAN00055928 005 20250306024606.552 010 $a88-371-0424-3 010 $a978-88-371-0424-5 100 $a20061114d1989 |0itac50 ba 101 $aita 102 $aIT 105 $a|||| ||||| 200 0 $a2$fGiorgio Ferrarese, Luigi Stazi 205 $a2. ed 210 $aBologna$cPitagora$d1989 215 $aP. IX, 344-654$cill.$d24 cm 461 1$1001VAN00055916$12001 $aLezioni di meccanica razionale$fGiorgio Ferrarese, Luigi Stazi$1205 $a2. ed$1210 $aBologna$cPitagora$1215 $avolumi$d24 cm$v2 606 $a70-XX$xMechanics of particles and systems [MSC 2020]$3VANC021390$2MF 620 $dBologna$3VANL000003 700 1$aFerrarese$bGiorgio$3VANV044417$042165 701 1$aStazi$bLuigi$3VANV044418$0344835 712 $aPitagora $3VANV108147$4650 801 $aIT$bSOL$c20250307$gRICA 856 4 $u/sebina/repository/catalogazione/documenti/ID 55928.pdf$zID 55928.pdf 899 $aBIBLIOTECA DEL DIPARTIMENTO DI MATEMATICA E FISICA$1IT-CE0120$2VAN08 912 $aVAN00055928 950 $aBIBLIOTECA DEL DIPARTIMENTO DI MATEMATICA E FISICA$d08PREST 70-XX 1365 $e08 2081 II 20061114 996 $a2$93870635 997 $aUNICAMPANIA